| 000 | 00680nam a2200193Ii 4500 | ||
|---|---|---|---|
| 003 | JO-AjNU | ||
| 008 | 230605s9999||||xx |||||||||||||| ||und|| | ||
| 040 |
_aJO-AjNU _bara _erda _cJO-AjNU |
||
| 041 | _aara | ||
| 050 | 1 | 4 | _aLB2324.T3 1969 |
| 100 | 3 |
_aتاسمان،جوزيف مؤلف/لجنة الأساتذة الجامعيين ترجمة , _eauthor _98342 |
|
| 245 | 0 | 0 | _aآفاق جديدة في التربية |
| 264 | 3 | 1 | _aبيروت:دار الآفاق،1969 |
| 300 | _a127ص | ||
| 336 |
_atext _btxt _2rdacontent |
||
| 337 |
_aunmediated _bn _2rdamedia |
||
| 338 |
_avolume _bnc _2rdacarrier |
||
| 650 | 4 |
_aالتخطيط التربوي. التربية-فلسفة. _98343 |
|
| 999 |
_aA739 _c4307 _d4307 |
||